UM Logo
Normal view MARC view
  • Butuan City (Philippines) -- History -- 1521-1920.

Entry Topical Term

Number of records used in: 1

001 - CONTROL NUMBER

  • control field: 42335

003 - CONTROL NUMBER IDENTIFIER

  • control field: OSt

005 - DATE AND TIME OF LATEST TRANSACTION

  • control field: 20201014152356.0

008 - FIXED-LENGTH DATA ELEMENTS

  • fixed length control field: 201014|| aca||aabn | a|a d

040 ## - CATALOGING SOURCE

  • Original cataloging agency: OSt
  • Transcribing agency: OSt

150 ## - HEADING--TOPICAL TERM

  • Topical term or geographic name entry element: Butuan City (Philippines) -- History -- 1521-1920.

670 ## - SOURCE DATA FOUND

  • Source citation: Work cat.: (OSt): Hontiveros, Greg 7446, Butuan of a thousand years/, c2004.